| 000 | 00587nam a2200193 i 4500 | ||
|---|---|---|---|
| 001 | 30620 | ||
| 003 | ES-MaACL | ||
| 005 | 20230906154227.0 | ||
| 007 | t| | ||
| 008 | 030127s1971 sp ||||1| spa d | ||
| 100 | 1 |
_aBataille, Georges. _926391 |
|
| 245 | 1 | 3 |
_aLa literatura y el mal / _cGeorges Bataille ; prólogo de Rafael Conte ; [traducción... Lourdes Munárriz]. |
| 250 | _a[2ª ed.]. | ||
| 260 |
_aMadrid : _bTaurus, _c[1971] |
||
| 300 |
_a248 p. ; _c21 cm. |
||
| 700 | 1 |
_aConte, Rafael. _940270 |
|
| 700 | 1 |
_aMunárriz, Lourdes. _984172 |
|
| 852 |
_aES-MaACL _jE-6109 _bR.90684 |
||
| 999 |
_c30620 _d30620 |
||